000 00536nam a2200181Ia 4500
005 20250923145134.0
008 008 250917s9999 xx 000 0 eng d
037 _aTextual
040 _aDSWL
_beng
_cDSWL
041 _aeng
_2eng
084 _aY12(T4)-76-41, N63
_qDSWL
100 _aHevi, E. John
_9832155
245 2 _aA student in paking
_cby E. John Hevi
260 _aNew Delhi
_b Young Asia Publications
_c1963
300 _a67p.
942 _cTEXL
_hY12(T4)-76-41, N63
999 _c1447627
_d1447627